000 00194 a2200097 4500
020 _a2370000671363
041 _aeng
100 _aRachel Pieh Jones
245 _aStronger than Death
942 _cBK
999 _c28124
_d28124